000 00360nam a2200157Ia 4500
008 210716s1986 xx 000 0 und d
020 _a093460102X
041 _aeng
082 _a374.22 FLOY
100 _aFloyd;Rinhart, Marion.
245 _aVictorian florida.
250 _a1
260 _aU S A
_c1986
300 _a223
650 _aGeneral Management
999 _c198769
_d198769